[Event "45th Olympiad 2024"]
[Site "Budapest HUN"]
[Date "2024.09.16"]
[Round "6.31"]
[Board "2"]
[White "Cardoso Cardoso, Jose Gabriel"]
[Black "Silva, David"]
[Result "1-0"]
[WhiteElo "2508"]
[BlackElo "2363"]
[PlyCount "57"]
[EventDate "2024.09.11"]
[WhiteTeam "Colombia"]
[BlackTeam "Angola"]
[WhiteTeamCountry "COL"]
[BlackTeamCountry "ANG"]

1. e4 c5 2. Nf3 Nc6 3. d4 cxd4 4. Nxd4 e5 5. Nb5 d6 6. c4 Be7 7. Be2 Be6 8. Be3 a6 9. N5c3 Bg5 10. Qd2 ({RR} 10. O-O Bxe3 11. fxe3 Nf6 12. Na3 O-O 13. Qd2 Rc8 14. Rad1 Qb6 15. Nc2 Ne7 16. b3 Rfd8 17. Bd3 Qc5 18. a4 Qb6 19. h3 Nd7 20. Rb1 a5 21. Ne1 Nc5 22. Bc2 Nc6 23. Nf3 Nb4 24. Rf2 Rf8 {½-½ Short,N (2665)-Van der Wiel,J (2540) Tilburg 1988}) ({RR} 10. Nd5 Bxe3 11. Nxe3 Nge7 12. Nc3 Nd4 13. O-O O-O 14. Bd3 Rc8 15. Rc1 h6 16. a3 Qa5 17. Ne2 Nxe2+ 18. Bxe2 Rfd8 19. Bg4 Bxg4 20. Qxg4 b5 21. cxb5 Qxb5 22. Rxc8 Rxc8 23. Nd5 Re8 24. Nc7 Qc6 {1-0 Lei,T (2548)-Cramling,P (2449) 12th Norway Armageddon w 2024 (2.2)}) 10... Bxe3 11. Qxe3 Nd4 12. Na3 Nf6 $146 ({RR} 12... Ne7 13. Bd3 O-O 14. O-O Rc8 15. Kh1 Qb6 16. Rab1 f5 17. f4 fxe4 18. Nxe4 Nef5 19. Qd2 exf4 20. Rxf4 d5 21. cxd5 Bxd5 22. Nc3 Bc6 23. Rbf1 g6 24. Qf2 Qd8 25. Nc2 Nxc2 26. Bxc2 Qg5 27. Bxf5 {0-1 Sambueza,E-Mareco,S (2162) Najdorf U26 qual op 2003 (4.7)}) ({RR} 12... Ne7 13. O-O Qb6 14. Rab1 O-O 15. b4 Rac8 16. Rfc1 a5 17. Bf1 axb4 18. Nc2 Qa5 19. Nxb4 Bxc4 20. Bxc4 Rxc4 21. Ncd5 Nxd5 22. Nxd5 Rxc1+ 23. Rxc1 Qxa2 24. Kh1 Qe2 25. Rb1 Qxe3 26. fxe3 Ne6 27. Ne7+ {0-1 Eberth,Z (2235)-Kiss,P (2440) Miskolc Avas op 1998 (2)}) 13. O-O Rc8 14. Rfd1 Qb6 15. Rd2 O-O 16. h3 Rfd8 17. Rad1 Qc5 18. Bf1 Qb4 19. Ne2 Nxe2+ 20. Bxe2 h6 21. Bf1 b5 22. cxb5 Bxa2 23. bxa6 Bb3 24. Re1 Nxe4 25. Rd3 Nc5 26. Rc3 Be6 27. a7 d5 28. a8=Q d4 29. Qxe5 1-0

[Event "45th Olympiad 2024"]
[Site "Budapest HUN"]
[Date "2024.09.16"]
[Round "6.31"]
[Board "3"]
[White "Junior, Domingos"]
[Black "Avila Pavas, Santiago"]
[Result "0-1"]
[WhiteElo "2183"]
[BlackElo "2485"]
[PlyCount "64"]
[EventDate "2024.09.11"]
[WhiteTeam "Angola"]
[BlackTeam "Colombia"]
[WhiteTeamCountry "ANG"]
[BlackTeamCountry "COL"]

1. e4 {Rogozenco,Dorian} c5 2. Nf3 d6 3. d4 cxd4 4. Nxd4 Nf6 5. Nc3 g6 6. Be3 Nc6 7. f3 h5 8. Bc4 Bg7 9. Qd2 Bd7 10. O-O-O ({RR} 10. Bb3 Na5 11. O-O Rc8 12. Nd5 Nxd5 13. exd5 Qc7 ({RR} 13... O-O 14. f4 ({RR} 14. Rae1) ({RR} 14. Kh1)) 14. Qd3 Nc4 15. Ne6 fxe6 16. dxe6 Bxe6 17. Qxg6+ Kd7 18. Qxg7 Rhg8 19. Qd4 a6 20. Rf2 h4 21. Qxh4) 10... Na5 ({RR} 10... Rc8 11. Bb3 a6 ({RR} 11... Na5 12. Kb1 Nc4 ({RR} 12... a6 13. h3 h4 14. Rhe1 Rh5 15. Nde2 Nc4 16. Bxc4 Rxc4 17. b3 Rc8 18. Nf4 Re5 19. Nfd5 Nxd5 20. Nxd5 Be6 21. Nf4 Qd7 22. Bd4 Qc6 23. Nd3 f6 24. Nxe5 dxe5 25. Bb2 b5 26. Re2 Kf7 27. Qe1) 13. Bxc4 Rxc4 14. Rhe1 O-O 15. Nb3 ({RR} 15. h3) 15... Qc7 16. Bh6 ({RR} 16. h3) 16... Bxh6 17. Qxh6 Rc8 18. Qg5 a6 19. e5 dxe5 20. Rxe5 Bf5 21. Rxf5 Nh7 22. Qe3 Rxc3 ({RR} 22... gxf5 23. Nd5) 23. Qxc3 gxf5 24. Qd3) 12. Rhe1 O-O 13. Kb1 Re8 14. h3 Qa5 ({RR} 14... h4 15. Nxc6 ({RR} 15. Qf2)) 15. g4 Ne5 16. Bh6 Bh8 17. f4 Nc4 18. Bxc4 Rxc4 19. Nb3 Qd8 20. e5 Nxg4 21. hxg4 Bxg4 22. exd6 Kh7 23. Bg5 f6 24. Qd5 Rxc3 25. Qf7+ {1-0 Macieja,B (2653)-Shabalov,A (2623) Bermuda 2004 (10)}) 11. Bb3 ({RR} 11. Be2 a6 12. h3 b5 13. g4 Rc8 14. g5 Nh7 15. Nd5 O-O 16. Nf5 Bxf5 17. Bb6 Qe8 18. exf5 Nc6 19. f4 Qd7 20. Bg4 gxf5 21. Bxh5 e6 22. Nf6+ Nxf6 23. gxf6 Bxf6 24. Bf3 Kh7 25. Qe2 Bg7 {0-1 Srihari,L (2400)-Avila Pavas,S (2495) 61st World Juniors 2024 (11.9)}) 11... Rb8 12. h3 b5 $146 ({RR} 12... h4 13. Qd3 Rh5 14. Nde2 Nxb3+ 15. cxb3 a5 16. Kb1 Kf8 17. g4 hxg3 18. h4 g2 19. Rh2 b5 20. Nf4 Rh7 21. Rxg2 Rxh4 22. Rxg6 b4 23. Ncd5 Nxd5 24. Qxd5 Be5 25. Rdg1 Rh8 26. R6g2 Rb5 27. Qd2 {1-0 Li,H (2138)-Pein,J (2272) 4NCL 2023-24 (11.4)}) 13. g4 Qc8 14. Nd5 Nxd5 15. exd5 Nc4 16. Bxc4 bxc4 17. c3 Qa6 18. Kb1 Qa5 19. Rhe1 Qxd5 20. Qe2 O-O 21. Ka1 Qa5 22. Qd2 Rb6 23. Qc1 Rfb8 24. Rd2 h4 25. f4 e5 26. Nf3 Ra6 27. a3 Bc6 28. Nxh4 exf4 29. Bxf4 Rxb2 30. Rxb2 Bxc3 31. Bxd6 Be4 32. Be7 Qxa3+ 0-1

[Event "45th Olympiad 2024"]
[Site "Budapest HUN"]
[Date "2024.09.16"]
[Round "6.31"]
[Board "4"]
[White "Valderrama Quiceno, Esteban Alb"]
[Black "Domingos, Catarino"]
[Result "1/2-1/2"]
[WhiteElo "2418"]
[BlackElo "2229"]
[PlyCount "95"]
[EventDate "2024.09.11"]
[WhiteTeam "Colombia"]
[BlackTeam "Angola"]
[WhiteTeamCountry "COL"]
[BlackTeamCountry "ANG"]

1. e4 e5 2. Nf3 Nc6 3. Bb5 a6 4. Ba4 Nf6 5. O-O b5 6. Bb3 Be7 7. Re1 d6 8. c3 O-O 9. h3 Nb8 10. d4 Nbd7 11. Nbd2 Bb7 12. Bc2 Re8 13. Nf1 Bf8 14. Ng3 g6 15. a4 c5 16. d5 c4 17. Be3 h6 ({RR} 17... Bg7 18. Qd2 Qe7 19. Ra3 Rec8 20. Rea1 Qf8 21. Qc1 Qd8 22. axb5 axb5 23. Ba7 Ne8 24. Ra5 Nc7 25. R1a3 Qe7 26. Qd1 Bh6 27. Qa1 Rf8 28. Nh2 Bg5 29. Nhf1 h5 30. Ne3 Qf6 31. b3 cxb3 32. Bxb3 {½-½ Ljubojevic,L (2600)-Hort,V (2590) Olympiad-25 Luzern 1982 (7)}) 18. Qd2 Kh7 19. Nh2 Bg7 20. Kh1 $146 ({RR} 20. Ng4 Ng8 21. Rf1 Qh4 22. Nh2 Rf8 23. Nf3 Qe7 24. Nh2 Qh4 25. Ne2 f5 26. exf5 gxf5 27. g4 e4 28. gxf5 Rxf5 29. Ng3 Re5 30. Nf3 Qxh3 31. Nxe5 Nxe5 32. Bxe4+ Kh8 33. Qe2 Rf8 34. Bg2 Qh4 {0-1 Nastore,P (2221)-Borawski,J (2222) Titled Tuesday intern op 25th May blitz 2021 (8)}) 20... Qc7 21. Rf1 Ng8 22. f4 exf4 23. Rxf4 Ne5 24. Raf1 Re7 25. Ne2 Rae8 26. Nf3 Bc8 27. axb5 axb5 28. Rh4 Nxf3 29. Rxf3 f6 30. Nf4 Re5 31. Ne2 Qf7 32. Ng3 g5 33. Rh5 Qg6 34. Bd4 g4 35. Bxe5 fxe5 36. Rff5 Nf6 37. Rh4 Bxf5 38. exf5 Qf7 39. hxg4 Kg8 40. Ne4 Nxe4 41. Bxe4 Ra8 42. Kh2 Ra1 43. g5 hxg5 44. Qxg5 Qf6 45. Qh5 Qf7 46. Qg5 Qf6 47. Qh5 Qf7 48. Qg5 1/2-1/2

[Event "45th Olympiad 2024"]
[Site "Budapest HUN"]
[Date "2024.09.16"]
[Round "6.32"]
[Board "1"]
[White "Mwali, Chitumbo"]
[Black "Fawzy, Adham"]
[Result "0-1"]
[WhiteElo "2312"]
[BlackElo "2507"]
[PlyCount "104"]
[EventDate "2024.09.11"]
[WhiteTeam "Zambia"]
[BlackTeam "Egypt"]
[WhiteTeamCountry "ZAM"]
[BlackTeamCountry "EGY"]

1. c4 e5 2. g3 Nf6 3. Bg2 d5 4. cxd5 Nxd5 5. Nf3 Nc6 6. O-O Nb6 7. d3 Be7 8. a3 a5 9. b3 Be6 10. Bb2 f6 11. Nbd2 O-O 12. Rc1 Qd7 13. Qc2 Rfd8 14. Rfd1 Qe8 15. e3 $146 ({RR} 15. Qb1 Qf7 16. Rc3 Bf8 17. e3 Rd7 18. h4 Rad8 19. Ne4 h6 20. Ned2 Nc8 21. Ne1 N8a7 22. Qc1 Bg4 23. f3 Be6 24. Nc4 Nb5 25. Rc2 Nd6 26. Kh2 Nf5 27. Bh3 h5 28. Rg2 b5 29. Bxf5 Bxf5 {0-1 Haldorsen,B (2477)-Gumularz,S (2515) Paleochora op 14th 2021 (8)}) ({RR} 15. Qb1 Qf7 16. Nc4 Rac8 17. Nfd2 Bd5 18. Bxd5 Qxd5 19. Nf3 Nd4 20. Bxd4 exd4 21. Qb2 Qc5 22. b4 axb4 23. axb4 Qxb4 24. Qxb4 Bxb4 25. Nxb6 cxb6 26. Rxc8 Rxc8 27. Nxd4 Kf7 28. Rb1 Ba5 29. Kg2 g6 {1-0 Webster,A (2405)-Quinn,M (2305) Lloyds Bank op 18th 1994 (10)}) ({RR} 15. Nc4 Qf8 16. Nfd2 Nxc4 17. Nxc4 Nd4 18. Bxd4 exd4 19. Bxb7 Ra7 20. Bf3 Bxa3 21. Rb1 Bb4 22. e3 Bc3 23. Qe2 Bf7 24. Be4 Qc5 25. Rdc1 Ra6 26. exd4 Bxd4 27. Ne3 Qe5 28. Nf5 Be6 29. Ne7+ Kf8 {1-0 Nguyen,N (2417)-Anka,E (2432) Budapest FS10 GM 2003 (5)}) 15... Qf7 16. d4 exd4 17. Nxd4 Nxd4 18. Bxd4 Bxa3 19. Ra1 Bb4 20. Bxb7 Rab8 21. Be4 f5 22. Bc6 h6 23. Rab1 f4 24. gxf4 Rxd4 25. exd4 Nd5 26. Nf1 Nc3 27. Ng3 Nxb1 28. Rxb1 Qxf4 29. Be4 Rf8 30. Rd1 Bg4 31. Rd3 h5 32. h3 Be6 33. Rf3 Qg5 34. h4 Qxh4 35. Rxf8+ Bxf8 36. d5 Bg4 37. Qxc7 Qg5 38. d6 Qe5 39. Bg6 Bxd6 40. Qf7+ Kh8 41. Bxh5 Qe6 42. Kg2 Kh7 43. Qb7 Bh3+ 44. Kh2 Bf5 45. Bf7 Qh6+ 46. Kg1 Bxg3 47. fxg3 Qe3+ 48. Kh2 Be4 49. Qc7 Qf2+ 50. Kh3 Bg2+ 51. Kg4 Qf3+ 52. Kh4 Qf6+ 0-1

[Event "45th Olympiad 2024"]
[Site "Budapest HUN"]
[Date "2024.09.16"]
[Round "6.32"]
[Board "2"]
[White "Wageih, Kareim"]
[Black "Kayonde, Andrew"]
[Result "1-0"]
[WhiteElo "2402"]
[BlackElo "2338"]
[PlyCount "151"]
[EventDate "2024.09.11"]
[WhiteTeam "Egypt"]
[BlackTeam "Zambia"]
[WhiteTeamCountry "EGY"]
[BlackTeamCountry "ZAM"]

1. Nf3 Nf6 2. b3 d5 3. Bb2 e6 4. e3 Bd6 5. c4 O-O 6. g3 Re8 7. d4 dxc4 8. bxc4 b6 9. Bg2 Bb7 10. O-O c5 11. Nbd2 Nbd7 12. Re1 Qc7 $146 ({RR} 12... Rc8 13. e4 Bb8 14. e5 Ng4 15. h3 Nh6 16. g4 cxd4 17. Bxd4 Nc5 18. Qe2 Rc7 19. Rad1 Rd7 20. Bxc5 bxc5 21. Ne4 Bxe4 22. Rxd7 Qxd7 23. Qxe4 f5 24. exf6 gxf6 25. Qe3 Nf7 26. Qxc5 Rc8 27. Qd4 {½-½ Deac,B (2700)-Boyer,M (2453) PRO League Prelim 2023 (3.2)}) 13. Qb3 Rad8 14. Rad1 h6 15. Nb1 a6 16. a4 Rc8 17. Nbd2 Bc6 18. Nh4 Bxg2 19. Nxg2 Qc6 20. Bc3 cxd4 21. exd4 e5 22. d5 Qc7 23. Ne3 Nc5 24. Qc2 Qd7 25. a5 bxa5 26. Bxa5 e4 27. Bc3 Be5 28. Re2 Qh3 29. Bxe5 Rxe5 30. f4 exf3 31. Nxf3 Re4 32. Ng2 Qg4 33. Rxe4 Qxe4 34. Qxe4 Ncxe4 35. Ne5 Nd6 36. Nc6 Kf8 37. Ne3 Re8 38. Rd3 Nfe4 39. Ra3 Nc5 40. Kf2 g6 41. Kf3 h5 42. Nb4 g5 43. Kf2 g4 44. Nbc2 Ra8 45. Nd4 a5 46. Nb3 Nde4+ 47. Ke2 Nc3+ 48. Kf1 N3a4 49. Nxc5 Nxc5 50. Ke2 a4 51. Kd2 Re8 52. Nf5 Re5 53. Nd4 Re4 54. Kc3 Ke7 55. Nf5+ Kf6 56. Nd6 Re2 57. Kb4 Nd7 58. Rxa4 Ke5 59. Nxf7+ Kd4 60. Ra7 Nc5 61. Nd6 Rb2+ 62. Ka5 Rxh2 63. Kb6 Rb2+ 64. Kc6 Nd3 65. Re7 Ne5+ 66. Kc7 Rc2 67. Nf5+ Ke4 68. Nd6+ Kd4 69. Nf5+ Ke4 70. Kd6 Kxf5 71. Rxe5+ Kg6 72. c5 Rc3 73. c6 Rxg3 74. c7 Rc3 75. Kd7 h4 76. Re6+ 1-0

[Event "45th Olympiad 2024"]
[Site "Budapest HUN"]
[Date "2024.09.16"]
[Round "6.32"]
[Board "3"]
[White "Mulenga, Prince Daniel"]
[Black "Wafa, Hamed"]
[Result "1/2-1/2"]
[WhiteElo "2184"]
[BlackElo "2368"]
[PlyCount "120"]
[EventDate "2024.09.11"]
[WhiteTeam "Zambia"]
[BlackTeam "Egypt"]
[WhiteTeamCountry "ZAM"]
[BlackTeamCountry "EGY"]

1. Nf3 {Chessbase} c5 2. c4 Nf6 3. Nc3 Nc6 4. e3 e6 5. d4 cxd4 6. exd4 d5 7. Bd3 Be7 8. O-O O-O 9. a3 dxc4 10. Bxc4 Nd5 11. Qd3 ({RR} 11. Bxd5 exd5 12. Qb3 Bf6 13. Nxd5 Nxd4 14. Nxf6+ Qxf6 15. Nxd4 Qxd4 16. Be3 Qe4 17. Rac1 Be6 18. Qc2 Bd5 19. Qxe4 Bxe4 20. Rfd1 Bc6 21. Bc5 Rfe8 22. Re1 a5 23. f3 f6 24. Kf2 Kf7 25. Rxe8 Rxe8 {½-½ Horvath,D (2501)-Esipenko,A (2680) TCh-AUT 2022-23 (3.6)}) ({RR} 11. Ne4 a6 ({RR} 11... h6 12. Ba2 b6 13. Qd3 a5 14. Qc2 Bd7 15. Nc3 Nxc3 16. bxc3 Rc8 17. Bf4 b5 18. Qd3 h5 19. Rad1 Qb6 20. Ng5 Bxg5 21. Bxg5 Qc7 22. Qf3 Qd6 23. Qxh5 Qxa3 24. Bf6 Ne7 25. Rd3 Rxc3 26. Rxc3) ({RR} 11... b6 12. Qc2 Nf6 13. Bd3 Nxd4 14. Nxf6+ Bxf6 15. Nxd4 Qxd4 16. Bxh7+ Kh8 17. Rd1 Qe5 18. Be4 Rb8 19. Qd3 Qh5 20. Bf4 e5 21. Bf3 Bg4 22. Bxg4 Qxg4 23. Bg3 Rbd8 24. Qc2 Rc8 25. Qb3 Rfd8 26. Re1) ({RR} 11... f5 12. Nc5 b6 13. Nd3 Bf6 14. Nde5 Nce7 15. Re1 Rb8 16. Qe2 f4 17. Bd2 Rb7 18. b4 Rc7 19. b5 Bxe5 20. dxe5 Bb7 21. Rac1 Rd7 22. Bb4 Rf5 23. Bd6 Ng6 24. Bd3 Rdf7 25. Be4 Rh5 26. Rc6) 12. Ba2 b5 13. Re1 Bb7 14. Nc5 Rb8 15. Nxb7 Rxb7 16. Qd3 h6 17. Bb1 Nf6 18. Be3 Bd6 19. h3 Ne7 20. Nd2 Ned5 21. Ne4 Rb8 22. Bc2 Nxe4 23. Qxe4 Nf6 24. Qd3 Rc8 25. Rad1 Bb8 {0-1 Ramos,A (1957)-Garcia,E (1675) IV Niterói Chess Open 2024 (1)}) ({RR} 11. Bxd5 exd5 12. Qb3 Bf6 13. Nxd5 Nxd4 14. Nxf6+ Qxf6 15. Nxd4 Qxd4 16. Be3 Qe4 17. Rac1 Be6 18. Qc2 Bd5 19. Qxe4 Bxe4 20. Rfd1 Bc6 21. Bc5 Rfe8 22. Re1 a5 23. f3 f6 24. Kf2 Kf7 25. Rxe8 Rxe8) 11... Nxc3 12. bxc3 b6 13. h4 $146 ({RR} 13. Qe4 Bb7 14. Bd3 g6 15. Bh6 Re8 16. Rfe1 Rc8 17. Qg4 Bf6 18. h4 Bg7 19. Bxg7 Kxg7 20. h5 Ne7 21. Ne5 Nf5 22. Rac1 Qf6 23. a4 Rc7 24. Qf4 g5 25. Qh2 Nh6 26. Bb1 Rec8 27. Qh3 Ba6 {0-1 Vrana,F (2245)-Zeberski,J (2360) Litomysl op 13th 2011 (3)}) ({RR} 13. Bb3 Bb7 14. Bf4 Rc8 15. Rfe1 Na5 16. Bc2 g6 17. Bh6 Re8 18. Ba4 Bc6 19. Bxc6 Nxc6 20. Ne5 Nxe5 21. Rxe5 Bd6 22. Re3 Qc7 23. g3 Qc4 24. Qe4 Qb3 25. Qf3 Bf8 26. Bf4 Red8 27. h4 Qb2 {0-1 Ojeda,J (2128)-Rios,C (2465) COL-chT Ibague 2018 (2.1)}) 13... Bb7 14. Ng5 g6 15. Re1 Bf6 16. Bf4 Ne7 17. Ba2 Rc8 18. Rac1 Nd5 19. Bd2 Qc7 20. Re4 Ne7 21. Rg4 h5 22. Ne4 Bg7 23. Rg5 Nf5 24. g4 hxg4 25. h5 Qc6 26. Re1 Nh6 27. d5 Qd7 28. c4 exd5 29. cxd5 Nf5 30. hxg6 fxg6 31. Rxg6 Nh4 32. d6+ Kh8 33. Be6 Qc6 34. Rxg4 Nf3+ 35. Kg2 Nxe1+ 36. Bxe1 Rf6 37. Bxc8 Bxc8 38. Rh4+ Kg8 39. f3 Rg6+ 40. Bg3 Be5 41. Nf6+ Kf7 42. Ne4 Bf5 43. Qb3+ Kg7 44. Kh2 Rxg3 45. Nxg3 Qxd6 46. f4 Qd2+ 47. Kh1 Be4+ 48. Nxe4 Qe1+ 49. Kg2 Qxh4 50. Qg3+ Qxg3+ 51. Kxg3 Bb2 52. a4 Kf8 53. Kf3 Ke7 54. f5 Kd7 55. Ke3 Be5 56. Kd3 a6 57. Kc4 Kc6 58. Nd2 b5+ 59. axb5+ axb5+ 60. Kb3 Bf6 1/2-1/2

[Event "45th Olympiad 2024"]
[Site "Budapest HUN"]
[Date "2024.09.16"]
[Round "6.32"]
[Board "4"]
[White "Sadek, Sameh"]
[Black "Kaoma, Micheal"]
[Result "1-0"]
[WhiteElo "2269"]
[BlackElo "2161"]
[PlyCount "67"]
[EventDate "2024.09.11"]
[WhiteTeam "Egypt"]
[BlackTeam "Zambia"]
[WhiteTeamCountry "EGY"]
[BlackTeamCountry "ZAM"]

1. d4 d5 2. c4 e6 3. Nf3 Nf6 4. Nbd2 c5 5. e3 Nc6 6. a3 ({RR} 6. cxd5 Nxd5 7. dxc5 Bxc5 8. a3 O-O 9. Qc2 Be7 10. Be2 Bd7 11. O-O Rc8 12. Qe4 f5 13. Qb1 Kh8 14. Nc4 Qc7 15. Rd1 b5 16. Ncd2 b4 17. Nc4 bxa3 18. Nxa3 Na5 19. Nd4 Qb6 20. Bd2 Nb3 {½-½ Smyslov,V (2530)-Sveshnikov,E (2525) Interpolis Tilburg 1992 (4.5)}) 6... Be7 $146 ({RR} 6... cxd4 7. exd4 Bd6 8. c5 Bc7 9. b4 e5 10. dxe5 Nxe5 11. Bb2 Qe7 12. Bb5+ Nc6+ 13. Be2 O-O 14. O-O Ne4 15. Re1 Bg4 16. Nf1 Rad8 17. Nd4 Qf6 18. f3 Be5 19. fxe4 Bxe2 20. Rxe2 Bxd4+ 21. Bxd4 {0-1 Swiderski,R-Cohn,E Ostend Masters 1907 (16)}) ({RR} 6... Bd6 7. Be2 O-O 8. O-O b6 9. cxd5 exd5 10. Re1 Bd7 11. Nf1 c4 12. Bd2 Ne4 13. Bc3 b5 14. N3d2 f5 15. f4 Qe7 16. Nxe4 fxe4 17. Bg4 Bxg4 18. Qxg4 Rf6 19. Ng3 Raf8 20. Rf1 Qf7 21. Rad1 {0-1 Reinke,M (1864)-Mueller,W (1980) Schleswig-Holstein-ch Kandidaten 2018 (2)}) ({RR} 6... a5 7. Bd3 Be7 8. O-O O-O 9. cxd5 exd5 10. dxc5 Bxc5 11. b3 d4 12. e4 Re8 13. Bb2 Nd7 14. Bb5 Nde5 15. Nxe5 Rxe5 16. f4 Re6 17. Bd3 b6 18. Nf3 Rh6 19. Kh1 Bg4 20. h3 Qd7 21. Qc2 {1-0 Bosiocic,M (2308)-Radulovic,B (2150) CRO-ch U17 Rabac 2004 (7)}) ({RR} 6... cxd4 7. exd4 Be7 8. c5 O-O 9. b4 Qc7 10. Bb2 a6 11. Bd3 g6 12. O-O Nd7 13. Qe2 Bf6 14. Rfe1 Re8 15. Ne5 Ndxe5 16. dxe5 Bg7 17. Nf3 Qe7 18. Bc3 Bd7 19. Qb2 Rad8 20. a4 Nb8 21. h3 {1-0 Belakovskaia,A (2315)-Sgnaolin,D Bratto op 16th 1996 (1)}) 7. dxc5 dxc4 8. Bxc4 Bxc5 9. b4 Be7 10. Bb2 O-O 11. O-O Bd7 12. e4 a6 13. e5 Nd5 14. Ne4 Nb6 15. Bd3 Na7 16. Bb1 Ba4 17. Qc1 Nd5 18. Nc5 Bxc5 19. Qxc5 Qb6 20. Qc4 Qd8 21. Qe4 g6 22. Ba2 Nb5 23. Rac1 Nbc7 24. Qg4 Rc8 25. Ng5 Kg7 26. Ne4 Qe7 27. Bd4 b6 28. Nf6 h6 29. Bxd5 exd5 30. e6 Qxe6 31. Nxd5+ Kh7 32. Nf6+ Kg7 33. Rxc7 Rxc7 34. Ne8+ 1-0

[Event "45th Olympiad 2024"]
[Site "Budapest HUN"]
[Date "2024.09.16"]
[Round "6.33"]
[Board "1"]
[White "Dardha, Daniel"]
[Black "Santos Flores, Alberto"]
[Result "1-0"]
[WhiteElo "2603"]
[BlackElo "2168"]
[PlyCount "63"]
[EventDate "2024.09.11"]
[WhiteTeam "Belgium"]
[BlackTeam "Ecuador"]
[WhiteTeamCountry "BEL"]
[BlackTeamCountry "ECU"]

1. c4 c6 2. Nf3 d5 3. e3 Nf6 4. d4 a6 5. Nc3 b5 6. b3 Bg4 7. h3 Bxf3 8. Qxf3 e5 9. dxe5 Bb4 10. Bd2 Bxc3 11. Bxc3 Ne4 12. Bb4 bxc4 13. bxc4 ({RR} 13. Qg4 c5 14. f3 cxb4 15. fxe4 O-O 16. exd5 cxb3 17. Qd4 Nd7 18. axb3 Qg5 19. Qf4 Qg6 20. Qg4 Qh6 21. Qf4 Qg6 22. Qg4 Qh6 23. Qf4 {½-½ Grischuk,A (2736)-Aronian,L (2781) WchT 7th Bursa 2010 (7.1)}) ({RR} 13. e6 Ra7 14. bxc4 Qb6 15. Rb1 a5 16. cxd5 cxd5 17. Qg4 axb4 18. Qxg7 Rf8 19. Bd3 fxe6 20. Bb5+ Qxb5 21. Qxa7 Rxf2 22. Rc1 Qe2# {0-1 Mestnikov,A (2086)-Ozkan,E (2147) Titled Tue 27th Feb Early 2024 (8)}) 13... Qb6 14. Rb1 a5 15. cxd5 cxd5 $146 ({RR} 15... Nc3 16. e6 Ra7 17. Bxc3 Qxb1+ 18. Qd1 Qxd1+ 19. Kxd1 cxd5 20. Bxg7 Rg8 21. Bb5+ Ke7 22. Bd4 Rb7 23. exf7 Rxg2 24. a4 Rxf2 25. Rg1 Rxf7 26. Rg5 Kd6 27. Rh5 Rbe7 28. Rh6+ Re6 29. Bc5+ Ke5 30. Bd4+ {½-½ Bujisho,B (2418)-Friess,N (2246) FRA-ch Accession 2010 (9)}) 16. Bc4 Qc6 17. e6 Nf6 18. Ba3 Qxc4 19. Rc1 Qa6 20. exf7+ Kxf7 21. Rc7+ Kg8 22. Qf5 g6 23. Qe5 Nbd7 24. Rxd7 Nxd7 25. Qxd5+ Kg7 26. Qxd7+ Kh6 27. g4 Qc4 28. f4 Qc3+ 29. Kf2 Qc2+ 30. Kg3 g5 31. fxg5+ Kg6 32. Rc1 1-0

[Event "45th Olympiad 2024"]
[Site "Budapest HUN"]
[Date "2024.09.16"]
[Round "6.33"]
[Board "2"]
[White "Noboa Silva, Kevin"]
[Black "Vandenbussche, Thibaut"]
[Result "1-0"]
[WhiteElo "2270"]
[BlackElo "2461"]
[PlyCount "179"]
[EventDate "2024.09.11"]
[WhiteTeam "Ecuador"]
[BlackTeam "Belgium"]
[WhiteTeamCountry "ECU"]
[BlackTeamCountry "BEL"]

1. d4 e6 2. c4 Bb4+ 3. Bd2 Bxd2+ 4. Qxd2 Nf6 5. Nc3 O-O ({RR} 5... d5 6. e3 O-O 7. cxd5 exd5 8. Bd3 Nc6 9. Nge2 Ne7 10. Qc2 g6 11. h3 Bf5 12. g4 Bxd3 13. Qxd3 Nc8 14. O-O-O Nd6 15. f3 Re8 16. Nf4 c6 17. h4 Nc4 18. e4 Qd6 19. e5 Qb4 20. Qe2 {1-0 Wojtaszek,R (2723)-Vocaturo,D (2597) Qatar Masters op 2015 (4)}) 6. e3 ({RR} 6. e4 d5 7. e5 Ne4 8. Nxe4 dxe4 9. Ne2 c5 10. d5 Nd7 11. dxe6 Nxe5 12. exf7+ Kxf7 13. Qxd8 Rxd8 14. Nc3 Bf5 15. Be2 Nd3+ 16. Bxd3 Rxd3 17. Rd1 Rad8 18. Rxd3 Rxd3 19. Ke2 Ke6 20. h3 Ke5 {1-0 Ezat,M (2402)-Vakhlamov,I (2413) Titled Tue 25th Apr Early 2023 (8)}) 6... b6 7. Bd3 $146 ({RR} 7. Nf3 Bb7 8. Be2 Ne4 9. Nxe4 Bxe4 10. Bd3 Bxf3 11. gxf3 g6 12. h4 c6 13. O-O-O Na6 14. a3 Nc7 15. h5 Qf6 16. Qc2 Rac8 17. Rdg1 Kg7 18. Rg3 Rg8 19. hxg6 fxg6 20. Rg4 Rcf8 21. Rhg1 Kh8 {½-½ Rosado Montanez,J-Caro Garcia,J Malaga-ch 2005 (4)}) ({RR} 7. Be2 Bb7 8. Bf3 Bxf3 9. Nxf3 d5 10. cxd5 Nxd5 11. O-O Nxc3 12. Qxc3 Nd7 13. Rac1 c5 14. Rfd1 Qe7 15. d5 exd5 16. Rxd5 Nf6 17. Re5 Qd6 18. e4 h6 19. Re1 Qc6 20. Nd4 Qd7 21. Nf5 Rfe8 {1-0 Sutkevicius,L-Mickus,B (1477) Kaunas New Year op 2013 (2)}) 7... Bb7 8. Nge2 d5 9. cxd5 Nxd5 10. O-O Nxc3 11. Nxc3 Nd7 12. Be4 Qc8 13. Rac1 Nf6 14. Bxb7 Qxb7 15. b4 Rfd8 16. Qb2 Rd7 17. Rc2 Re8 18. Rfc1 e5 19. Nb5 exd4 20. Rxc7 Rxc7 21. Rxc7 Qd5 22. Nxd4 Qe5 23. Qc1 Nd5 24. Rc8 g6 25. Nf3 Qe7 26. Rxe8+ Qxe8 27. Qc4 Qd7 28. h3 Ne7 29. Ne5 Qd1+ 30. Kh2 Qd5 31. Qc7 Qe6 32. Nd7 Kg7 33. a3 Nd5 34. Qe5+ Qxe5+ 35. Nxe5 a5 36. bxa5 bxa5 37. Nc4 a4 38. Kg3 f5 39. Kf3 Nc3 40. Nd2 Kf7 41. Kf4 Nd1 42. e4 Kf6 43. exf5 g5+ 44. Kf3 Kxf5 45. Nc4 Nc3 46. Ke3 Nb5 47. g4+ Ke6 48. Ke4 Nc3+ 49. Kd4 Ne2+ 50. Kd3 Nf4+ 51. Ke3 Nxh3 52. Nb6 Nf4 53. Nxa4 Ke5 54. Nc5 Nd5+ 55. Kf3 Nc3 56. Nd7+ Kd6 57. Nf6 Nb5 58. Nxh7 Nxa3 59. Ke4 Ke6 60. Nxg5+ Kf6 61. f4 Nc4 62. Nf3 Nd6+ 63. Ke3 Nc4+ 64. Kf2 Ke6 65. Kg3 Ne3 66. Nd2 Kf6 67. Kf3 Nd5 68. Ne4+ Ke6 69. Ng3 Kf6 70. Ne2 Ke6 71. Nd4+ Kf6 72. Kg3 Ne3 73. Kf3 Nd5 74. Nc2 Ke6 75. Ne3 Nc3 76. g5 Nb5 77. Kg4 Nd4 78. f5+ Kf7 79. Nd5 Kg7 80. Nf4 Kf7 81. Nd3 Nc6 82. Kf4 Ke7 83. Ne5 Nd4 84. g6 Kf6 85. Ng4+ Kg7 86. Kg5 Nf3+ 87. Kh5 Nd4 88. f6+ Kh8 89. g7+ Kh7 90. Nh6 1-0

[Event "45th Olympiad 2024"]
[Site "Budapest HUN"]
[Date "2024.09.16"]
[Round "6.33"]
[Board "3"]
[White "Maerevoet, Sim"]
[Black "Garzon Zapatanga, Christopher Leonel"]
[Result "1/2-1/2"]
[WhiteElo "2432"]
[BlackElo "2216"]
[PlyCount "81"]
[EventDate "2024.09.11"]
[WhiteTeam "Belgium"]
[BlackTeam "Ecuador"]
[WhiteTeamCountry "BEL"]
[BlackTeamCountry "ECU"]

1. e4 {Giri,Anish} c5 2. Nf3 d6 3. d4 cxd4 4. Nxd4 Nf6 5. Nc3 a6 6. h3 e5 7. Nf3 Be7 8. g4 Nc6 ({RR} 8... O-O 9. g5 Nh5 10. Bc4 ({RR} 10. Nxe5 dxe5 11. Qxh5 Nc6) 10... Be6 11. Bb3 g6 12. Be3 Nd7 13. Qd2 Rc8 14. O-O-O Nc5 15. Bxc5 Rxc5 ({RR} 15... dxc5 16. Qxd8 Rcxd8) 16. h4 Nf4 17. Kb1 ({RR} 17. Ne1 Rxc3 18. bxc3 d5) 17... Qa5 ({RR} 17... Bg4 18. Qe3 Rxc3 19. Qxc3 Qc8) 18. Ne1 Rfc8 19. Nd3 Nxd3 20. Qxd3 ({RR} 20. cxd3 Rxc3 21. bxc3 Rxc3 22. Kb2 Rxb3+ 23. axb3 Qb6 24. Qc2 d5) 20... Rxc3 21. bxc3 d5 ({RR} 21... Rxc3 22. Qd2 Qc5 23. h5) 22. exd5 ({RR} 22. Qd2) 22... Bf5 23. Qd2 {1-0 Giri,A (2764)-Vachier Lagrave,M (2784) Tata Steel 83rd 2021 (9)}) 9. g5 Nd7 10. Be3 Nc5 $146 ({RR} 10... O-O 11. Qd2 b5 12. a3 Bb7 13. O-O-O Nc5 14. Bg2 Re8 15. h4 b4 16. axb4 Nxb4 17. Kb1 Qa5 18. g6 Nxe4 19. gxf7+ Kxf7 20. Ng5+ Kg8 21. Bxe4 Bxe4 22. Ngxe4 d5 23. Bb6 Qxb6 24. Nxd5 Nxd5 25. Qxd5+ {0-1 Murthy,P (1821)-Mamedjarova,T (2217) Titled Tue 23rd Jan Early 2024 (8)}) 11. Bc4 Be6 12. Bd5 Qc7 13. a3 O-O 14. h4 b5 15. g6 b4 16. axb4 Nxb4 17. Bxa8 Rxa8 18. gxh7+ Kh8 19. Rc1 f5 20. exf5 Bxf5 21. Ng5 Bxg5 22. hxg5 d5 23. Qf3 Nxc2+ 24. Rxc2 Bxc2 25. Qxd5 Nd3+ 26. Kf1 Rd8 27. Qe4 Ne1 28. Qg4 Qb7 29. Rh3 Qxb2 30. Bd2 Nd3 31. g6 Qb7 32. Qe4 Qxe4 33. Nxe4 Nxf2 34. Kxf2 Bxe4 35. Bc3 Bxg6 36. Bxe5 Bxh7 37. Rg3 Rd2+ 38. Ke1 Rd7 39. Rxg7 Rxg7 40. Kd2 Kg8 41. Bxg7 1/2-1/2